Das Recht des Lebens auf der Straße: ein Rechtsgutachten zur Privatisierung öffentlicher Flächen und zum Grundrechtsschutz wohnungsloser Menschen

Saved in:  
Bibliographic Details
Main Author: Wolf, Joachim (Author)
Corporate Author: Institut für Landes- u. Stadtentwicklungsforsch.. Dortmund (Author)
Format: Print Book
Language:German
Published: Dortmund ILS 1999
In: ILS (149)
Year: 1999
Edition:1. Aufl.
Availability in Tübingen:Present in Tübingen.
IFK: C XIV 235
Check availability: HBZ Gateway
Subito Delivery Service: Order now.
Keywords:

MARC

LEADER 00000cam a2200000 c 4500
001 252957555
003 DE-627
005 20251129030712.0
007 tu
008 981229s1999 gw ||||| 00| ||ger c
015 |a 99,N02,0316  |2 dnb 
015 |a 99,B26,0253  |2 dnb 
016 7 |a 955298466  |2 DE-101 
020 |a 3817661495  |c  : DM 16.00 (Efal.)  |9 3-8176-6149-5 
035 |a (DE-627)252957555 
035 |a (DE-576)073161306 
035 |a (DE-599)GBV252957555 
035 |a (OCoLC)165712986 
035 |a (OCoLC)61303180 
040 |a DE-627  |b ger  |c DE-627  |e rakwb 
041 |a ger 
044 |c XA-DE 
084 |a 19  |2 sdnb 
084 |a RD 25903  |2 rvk  |0 (DE-625)rvk/142243:12898 
084 |a 74.72  |2 bkl 
084 |a 86.60  |2 bkl 
100 1 |8 1\p  |a Wolf, Joachim  |0 (DE-588)143333305  |0 (DE-627)704456923  |0 (DE-576)336501161  |4 aut 
109 |a Wolf, Joachim 
110 2 |a Institut für Landes- u. Stadtentwicklungsforsch.  |g Dortmund  |4 aut 
245 1 4 |a Das Recht des Lebens auf der Straße  |b ein Rechtsgutachten zur Privatisierung öffentlicher Flächen und zum Grundrechtsschutz wohnungsloser Menschen  |c Institut für Landes- und Stadtentwicklungsforschung des Landes Nordrhein-Westfalen. [Autoren: Joachim Wolf] 
250 |a 1. Aufl. 
263 |a Efal. : DM 20.00 
264 1 |a Dortmund  |b ILS  |c 1999 
300 |a 61 S.  |c 30 cm 
336 |a Text  |b txt  |2 rdacontent 
337 |a ohne Hilfsmittel zu benutzen  |b n  |2 rdamedia 
338 |a Band  |b nc  |2 rdacarrier 
490 1 |a ILS-Schriften  |v 149 
689 0 0 |d s  |0 (DE-588)4042870-9  |0 (DE-627)106212338  |0 (DE-576)209052848  |a Obdachlosigkeit  |2 gnd 
689 0 1 |d s  |0 (DE-588)4172385-5  |0 (DE-627)105387606  |0 (DE-576)209943130  |a Öffentlicher Raum  |2 gnd 
689 0 2 |d s  |0 (DE-588)4177223-4  |0 (DE-627)105350192  |0 (DE-576)209976063  |a Rechtsgutachten  |2 gnd 
689 0 |5 (DE-627) 
810 2 |a Institut für Landes- und Stadtentwicklungsforschung des Landes Nordrhein-Westfalen  |t ILS  |v 149  |9 14900  |w (DE-627)192207741  |w (DE-576)050850547  |w (DE-600)1304539-8  |x 1434-2545  |7 am 
883 |8 1\p  |a cgwrk  |d 20241001  |q DE-101  |u https://d-nb.info/provenance/plan#cgwrk 
889 |w (DE-627)299348016 
935 |i mdedup 
935 |i Blocktest 
936 r v |a RD 25903  |b Raumforschung, Raumordnung, Landesplanung  |k Geografie  |k Regionale Geografie  |k Europa  |k Mitteleuropa  |k Deutschland  |k Deutschland (Westliche Länder)  |k Westdeutschland, Mittelgebirgsschwelle  |k Nordrhein-Westfalen  |k Nordrhein-Westfalen  |k Angewandte Geografie  |k Teilgebiete und Einzelfragen  |k Raumforschung, Raumordnung, Landesplanung  |0 (DE-627)1271531569  |0 (DE-625)rvk/142243:12898  |0 (DE-576)201531569 
936 b k |a 74.72  |j Stadtplanung  |j kommunale Planung  |0 (DE-627)106411039 
936 b k |a 86.60  |j Raumordnungsrecht  |j Baurecht  |0 (DE-627)106422324 
951 |a BO 
ELC |b 1 
LOK |0 000 xxxxxcx a22 zn 4500 
LOK |0 001 3072641714 
LOK |0 003 DE-627 
LOK |0 004 252957555 
LOK |0 005 20020115000000 
LOK |0 008 011109||||||||||||||||ger||||||| 
LOK |0 040   |a DE-21-110  |c DE-627  |d DE-21-110 
LOK |0 852   |a DE-21-110 
LOK |0 852 1  |c C XIV 235  |m p  |9 00 
LOK |0 935   |a k110 
LOK |0 936ln  |a 9.3 
LOK |0 938   |k p 
LOK |0 939   |a 09-11-01  |b l01 
ORI |a SA-MARC-krimdoka001.raw 
SIG |a IFK: C XIV 235